[Event "Expo Zaragoza 2008"]
[Site "SchemingMind.com"]
[Date "2008.07.19"]
[Round "-"]
[White "dD3"]
[Black "lame wolf"]
[Result "1-0"]
[WhiteCountry "RSA"]
[BlackCountry "INT"]
[WhiteElo "1194"]
[WhiteRD "124"]
[BlackElo "1074"]
[BlackRD "50"]
[GameID "164149"]

1. e4 d5 2. e5 c5 3. d4 cxd4 4. Qxd4 e6 5. Bb5+ Nc6 6. Bxc6+ bxc6 7. Nf3 c5 8. Qd1 d4 9. Bg5 Be7 10. Bxe7 Nxe7
11. O-O O-O 12. Qd3 Rb8 13. Ng5 Ng6 14. h4 h6 15. Nf3 Rxb2 16. h5 Nf4 17. Qe4 Nd5 18. Nbd2 f5 19. exf6 Rxf6 20. Nc4 Rf4
21. Qg6 Rf6 22. Qd3 Ba6 23. Rab1 Rxb1 24. Rxb1 Nb4 25. Qb3 d3 26. Rd1 Nxc2 27. Rxd3 Nd4 28. Nxd4 cxd4 29. Qa4 Bxc4 30. Qxc4 Kf7
31. Rxd4 Ke7 32. Rxd8 Kxd8 33. Qd4+
1-0

[Event "Expo Zaragoza 2008"]
[Site "SchemingMind.com"]
[Date "2008.07.20"]
[Round "-"]
[White "lame wolf"]
[Black "dD3"]
[Result "0-1"]
[WhiteCountry "INT"]
[BlackCountry "RSA"]
[WhiteElo "1074"]
[WhiteRD "50"]
[BlackElo "1194"]
[BlackRD "124"]
[GameID "164150"]

1. g4 e5 2. h3 Nc6 3. Bg2 b6 4. d3 Qf6 5. Be3 Bb7 6. g5 Qd6 7. h4 h6 8. Qd2 Nd4 9. Bxb7 Rb8 10. Bg2 hxg5
11. hxg5 Rxh1 12. Bxh1 f6 13. Nf3 Nxf3+ 14. Bxf3 f5 15. Nc3 f4 16. Ne4 Qe6 17. Nf6+ gxf6 18. gxf6 Qh3 19. O-O-O Nxf6 20. Rh1 Qe6
21. Bh5+ Nxh5 22. Rxh5 Qxa2 23. Rxe5+ Kd8 24. Qc3 Bd6 25. Rb5 a5 26. Bxb6 cxb6 27. Kd2 Ke7 28. Qg7+ Qf7 29. Qxf7+ Kxf7 30. Rf5+ Kg6
31. Rd5 Bb4+ 32. c3 Bxc3+ 33. Kxc3 b5 34. Rd4 b4+ 35. Kb3 Rh8 36. Rxf4 Kg5 37. Rf7 Rh2 38. Ka4 Kg6 39. Rxd7 Rxf2 40. Kxa5 Rxe2
41. Kxb4 Rxb2+ 42. Ka5 Kf6 43. d4 Ke6 44. Rd8 Ke7 45. Rd5 Rc2 46. Rc5 Rf2 47. d5 Rf5 48. Kb6 Kd6 49. Rc6+ Kxd5 50. Kb5 Kd4+
51. Rc5 Rxc5+ 52. Kb4 Rc8 53. Kb5 Kd5 54. Kb6 Kd6 55. Kb5 Rc1 56. Kb4 Kd5 57. Kb3 Kd4 58. Kb2 Rc8
0-1

[Event "Expo Zaragoza 2008"]
[Site "SchemingMind.com"]
[Date "2008.07.21"]
[Round "-"]
[White "PlayerElite"]
[Black "lame wolf"]
[Result "1-0"]
[WhiteCountry "RUS"]
[BlackCountry "INT"]
[WhiteElo "1566"]
[WhiteRD "284"]
[BlackElo "1074"]
[BlackRD "50"]
[GameID "164460"]

1. d4 d5 2. c4 dxc4 3. e3 b5 4. a4 c6 5. axb5 cxb5 6. Qf3 Qd7 7. Qxa8 Qb7 8. Qxb7 Bxb7 9. Rxa7 Be4 10. Nc3 f5
11. Nxb5 e6 12. f3 Bc6 13. Bxc4 Bd7 14. Ra8 Ke7 15. Rxb8 Kf7 16. e4 Bxb5 17. Bxb5 Bb4+ 18. Bd2 Bxd2+ 19. Kxd2 g6 20. Nh3 Kg7
21. Rc1 fxe4 22. fxe4 Nf6 23. Rxh8 Kxh8 24. Rc7 h5 25. Kd3 Ng4 26. Bc4
1-0

[Event "Expo Zaragoza 2008"]
[Site "SchemingMind.com"]
[Date "2008.07.21"]
[Round "-"]
[White "lame wolf"]
[Black "PlayerElite"]
[Result "0-1"]
[WhiteCountry "INT"]
[BlackCountry "RUS"]
[WhiteElo "1074"]
[WhiteRD "50"]
[BlackElo "1566"]
[BlackRD "284"]
[GameID "164462"]

1. Nf3 d5 2. d4 c6 3. Qd3 g6 4. c4 Nf6 5. c5 b6 6. b4 a5 7. Nbd2 axb4 8. g3 bxc5 9. dxc5 Na6 10. Bb2 Nxc5
11. Qc2 Qd6 12. g4 Bxg4 13. Bg2 Na4 14. Qb3 Nxb2 15. Qxb2 Bg7 16. a3 Rxa3 17. Rxa3 bxa3 18. Qa2 Bxf3 19. Bxf3 O-O 20. e4 dxe4
21. Bxe4 Nxe4 22. Rg1 Bc3 23. Ke2 Qxd2+ 24. Qxd2 Nxd2 25. Rc1 a2
0-1

[Event "Expo Zaragoza 2008"]
[Site "SchemingMind.com"]
[Date "2008.07.21"]
[Round "-"]
[White "Ivancic"]
[Black "lame wolf"]
[Result "1-0"]
[WhiteCountry "AUS"]
[BlackCountry "INT"]
[WhiteElo "1750"]
[WhiteRD "132"]
[BlackElo "1074"]
[BlackRD "50"]
[GameID "164466"]

1. e4 d5 2. exd5 Qxd5 3. Nc3 Qd8 4. d4 e6 5. Nf3 Bb4 6. Bd2 Bxc3 7. Bxc3 f6 8. Nh4 g5 9. Qh5+ Kd7 10. Nf3 Ne7
11. O-O-O Nd5 12. Be1 Qe8 13. Qg4 h5 14. Qe4 Nc6 15. c4 Nde7 16. d5 exd5 17. Rxd5+ Nxd5 18. Qxd5+ Ke7 19. Nd4 Be6 20. Qxe6+
1-0

[Event "Expo Zaragoza 2008"]
[Site "SchemingMind.com"]
[Date "2008.07.21"]
[Round "-"]
[White "Ivancic"]
[Black "PlayerElite"]
[Result "1-0"]
[WhiteCountry "AUS"]
[BlackCountry "RUS"]
[WhiteElo "1976"]
[WhiteRD "95"]
[BlackElo "1576"]
[BlackRD "111"]
[GameID "164468"]

1. e4 c5 2. Nf3 Nc6 3. d4 cxd4 4. Nxd4 Nf6 5. Nc3 e6 6. a3 d6 7. Bc4 Be7 8. O-O O-O 9. Kh1 a6 10. a4 Qb6
11. Be3 Qxb2 12. Qd2 Qb4 13. Be2 Nxd4 14. Bxd4 e5 15. Be3 Nxe4 16. Nxe4 Qxe4 17. f4 Qc6 18. f5 Re8 19. Bh6 gxh6 20. Qxh6 Qxc2
21. Ra3
1-0

[Event "Expo Zaragoza 2008"]
[Site "SchemingMind.com"]
[Date "2008.07.22"]
[Round "-"]
[White "lame wolf"]
[Black "Ivancic"]
[Result "0-1"]
[WhiteCountry "INT"]
[BlackCountry "AUS"]
[WhiteElo "1074"]
[WhiteRD "50"]
[BlackElo "1750"]
[BlackRD "132"]
[GameID "164469"]

1. d4 d5 2. Qd3 c5 3. e4 dxe4 4. Qxe4 Nf6 5. Qe2 cxd4 6. g3 Bg4 7. Qb5+ Qd7 8. Qxd7+ Nbxd7 9. Bg2 Rc8 10. Na3 e5
11. Bf3 e4 12. Bxg4 Nxg4 13. f3 Ngf6 14. f4 e3 15. Ne2 Bb4+ 16. Bd2 exd2+ 17. Kd1 Ne4 18. c3 dxc3 19. bxc3 Bxa3 20. Nd4 Rxc3
21. Nb5 Rc1+ 22. Rxc1 dxc1=Q+
0-1

[Event "Expo Zaragoza 2008"]
[Site "SchemingMind.com"]
[Date "2008.07.22"]
[Round "-"]
[White "dD3"]
[Black "Ivancic"]
[Result "0-1"]
[WhiteCountry "RSA"]
[BlackCountry "AUS"]
[WhiteElo "1194"]
[WhiteRD "124"]
[BlackElo "1750"]
[BlackRD "132"]
[GameID "164470"]

1. e4 e5 2. Nc3 Nf6 3. Bc4 Bc5 4. d3 c6 5. Be3 Bxe3 6. fxe3 b5 7. Bb3 Qb6 8. Qf3 O-O 9. Nh3 a5 10. a4 b4
0-1

[Event "Expo Zaragoza 2008"]
[Site "SchemingMind.com"]
[Date "2008.07.21"]
[Round "-"]
[White "PlayerElite"]
[Black "Ivancic"]
[Result "0-1"]
[WhiteCountry "RUS"]
[BlackCountry "AUS"]
[WhiteElo "1576"]
[WhiteRD "111"]
[BlackElo "1976"]
[BlackRD "95"]
[GameID "164471"]

1. e4 e5 2. Nf3 Nc6 3. d4 exd4 4. Nxd4 Bc5 5. Be3 Qf6 6. c3 Nge7 7. Bc4 Ne5 8. Be2 d5 9. f4 N5c6 10. e5 Qg6
11. O-O Bxd4 12. cxd4 Nf5 13. Bf2 h5 14. Nc3 Be6 15. Bb5 h4 16. Bxc6+ bxc6 17. h3 Ng3 18. Bxg3 Qxg3 19. f5 Bd7 20. Rf3 Qg5
21. Qc1 Qxc1+ 22. Rxc1 Rb8= 23. b3 Rh5
0-1

[Event "Expo Zaragoza 2008"]
[Site "SchemingMind.com"]
[Date "2008.07.22"]
[Round "-"]
[White "Carl Lenox"]
[Black "lame wolf"]
[Result "1-0"]
[WhiteCountry "CAN"]
[BlackCountry "INT"]
[WhiteElo "1235"]
[WhiteRD "56"]
[BlackElo "1062"]
[BlackRD "47"]
[GameID "164543"]

1. e4 e5 2. Nf3 Nc6 3. Bc4 Nd4 4. Nxe5 Nh6 5. O-O d6 6. Nd3 c5 7. c3 Nc6 8. Bb5 Qb6 9. c4 Be7 10. b3 a6
11. Ba4 Bd7 12. Nf4 f5 13. d3 Nd4 14. Nc3 Bxa4 15. Nxa4 Qd8 16. Be3 Bg5 17. Ne6 Qe7 18. Nxg5 Nf7 19. f4 Nxg5 20. fxg5 O-O-O
21. Nb6+ Kc7 22. Nd5+ Kc6 23. Nxe7+ Kd7 24. Nxf5 g6 25. Nh6 Rdf8 26. Bf4 Ne6 27. b4 cxb4 28. d4 Nxf4 29. d5 a5 30. a3 b6
31. axb4 Ra8 32. Rxf4 Kc7 33. Rf7+ Kb8 34. Qd4 Rc8 35. Rb1 Rc7 36. Qxb6+ Kc8 37. Qxc7#
1-0

[Event "Expo Zaragoza 2008"]
[Site "SchemingMind.com"]
[Date "2008.07.23"]
[Round "-"]
[White "Carl Lenox"]
[Black "Ivancic"]
[Result "0-1"]
[WhiteCountry "CAN"]
[BlackCountry "AUS"]
[WhiteElo "1235"]
[WhiteRD "56"]
[BlackElo "1930"]
[BlackRD "97"]
[GameID "164544"]

1. e4 e5 2. Nf3 Nc6 3. Bc4 Nf6 4. d3 Bc5 5. Qe2 a6 6. Nc3 d6 7. Be3 Bg4 8. h3 Bh5 9. Qd2 Nd4 10. Ng5 h6
11. Nxf7 Bxf7 12. g3 Nf3+ 13. Kd1 Nxd2 14. Bxd2 Bxc4 15. dxc4 Bxf2 16. Ne2 Nxe4 17. Be1 d5 18. b3 dxc4+
0-1

[Event "Expo Zaragoza 2008"]
[Site "SchemingMind.com"]
[Date "2008.07.22"]
[Round "-"]
[White "Carl Lenox"]
[Black "PlayerElite"]
[Result "1-0"]
[WhiteCountry "CAN"]
[BlackCountry "RUS"]
[WhiteElo "1292"]
[WhiteRD "60"]
[BlackElo "1576"]
[BlackRD "111"]
[GameID "164546"]

1. e4 e6 2. d3 c5 3. Nf3 Nc6 4. Bf4 g6 5. Nc3 d6 6. Ne2 Bg7 7. c3 e5 8. Be3 Nge7 9. g3 O-O 10. Bg2 h6
11. Qd2 Kh7 12. a3 f5 13. b4 b6 14. c4 g5 15. Nc3 f4 16. h4 fxe3 17. Qxe3 g4 18. Nd2 cxb4 19. Ne2 a5 20. O-O Be6
21. f3 bxa3 22. Rxa3 Nb4 23. d4 Nc2 24. Qb3 Nxa3 25. Qxa3 exd4 26. Nxd4 Qc8 27. f4 Bxd4+ 28. Kh2 Qc5 29. Qd3 a4 30. e5+ Bf5
31. Qe2
1-0

[Event "Expo Zaragoza 2008"]
[Site "SchemingMind.com"]
[Date "2008.07.22"]
[Round "-"]
[White "lame wolf"]
[Black "Carl Lenox"]
[Result "1-0"]
[WhiteCountry "INT"]
[BlackCountry "CAN"]
[WhiteElo "1062"]
[WhiteRD "47"]
[BlackElo "1235"]
[BlackRD "56"]
[GameID "164547"]

1. Nc3 e5 2. d4 Nc6 3. d5 Nce7 4. e4 Nf6 5. Be3 Ng6 6. Be2 d6 7. Bg5 Be7 8. Bxf6 Bxf6 9. h3 Nh4 10. Rh2 c5
11. Bg4 O-O 12. Bxc8 Rxc8 13. Qe2 a6 14. Nf3 b5 15. Nxh4 Bxh4 16. g3 Be7 17. h4 c4 18. b4 Qd7 19. g4 Qd8 20. g5 f6
21. Qg4 Qe8 22. h5 Rf7 23. g6 Rf8 24. h6 Rd8 25. Qe6+ Rf7 26. gxf7+ Kf8 27. hxg7+ Kxg7 28. fxe8=Q Rxe8 29. Rg2+ Kh6 30. O-O-O Kh5
31. Rh1#
1-0

[Event "Expo Zaragoza 2008"]
[Site "SchemingMind.com"]
[Date "2008.07.24"]
[Round "-"]
[White "Ivancic"]
[Black "Carl Lenox"]
[Result "1-0"]
[WhiteCountry "AUS"]
[BlackCountry "CAN"]
[WhiteElo "1930"]
[WhiteRD "97"]
[BlackElo "1235"]
[BlackRD "56"]
[GameID "164548"]

1. e4 e5 2. Nf3 Nc6 3. Bb5 Nb4 4. c3 Nc6 5. O-O Nf6 6. Bxc6 bxc6 7. Nxe5 Nxe4 8. Re1 f5 9. d3 Nd6 10. Nxc6+ Be7
11. Nxd8 Kxd8 12. c4 Bb7 13. Nc3 h6 14. c5 g5 15. cxd6 Bxd6 16. Qh5 c6 17. Bxg5+ Kc7 18. Bf6 Rh7 19. Be5 Rg8 20. Bxd6+ Kxd6
21. Qxf5 Rhg7 22. Qe5#
1-0

[Event "Expo Zaragoza 2008"]
[Site "SchemingMind.com"]
[Date "2008.07.22"]
[Round "-"]
[White "PlayerElite"]
[Black "Carl Lenox"]
[Result "0-1"]
[WhiteCountry "RUS"]
[BlackCountry "CAN"]
[WhiteElo "1576"]
[WhiteRD "111"]
[BlackElo "1292"]
[BlackRD "60"]
[GameID "164550"]

1. c4 e5 2. Nc3 Nc6 3. e4 d6 4. g3 Nf6 5. Bg2 b6 6. Nge2 Be6 7. d3 g6 8. O-O Bg7 9. h3 Qd7 10. Kh2 h6
11. Be3 g5 12. Nd5 Nh5 13. Nec3 f5 14. Qxh5+ Bf7 15. Qd1 h5 16. Bxg5 Nd4 17. exf5 Nxf5 18. Nb4 c5 19. Bc6 cxb4 20. Bxd7+ Kxd7
21. Nd5 Rae8 22. Qa4+ Kc8 23. Qc6+ Kb8 24. Qc7+ Ka8 25. Qxf7 Rc8 26. Qxf5 Rhf8 27. Qd7 Kb8 28. Qxg7 Rf5 29. Qg6 Rf3 30. Qxd6+ Kb7
31. Qd7+ Kb8
0-1

[Event "Expo Zaragoza 2008"]
[Site "SchemingMind.com"]
[Date "2008.07.23"]
[Round "-"]
[White "nowhere"]
[Black "lame wolf"]
[Result "1-0"]
[WhiteCountry "USA"]
[BlackCountry "INT"]
[WhiteElo "1454"]
[WhiteRD "149"]
[BlackElo "1074"]
[BlackRD "50"]
[GameID "164635"]

1. e4 d5 2. Nc3 d4 3. Nd5 e6 4. Nf4 e5 5. Nd5 c6 6. Bc4 cxd5 7. exd5 Nd7 8. Nf3 Bd6 9. O-O f6 10. Re1 Nb6
11. d3 Nxc4 12. dxc4 Bd7 13. c3 b5 14. cxd4 bxc4 15. dxe5 Bb4 16. Re4 fxe5 17. Nxe5 Nh6 18. Nc6+ Kf7 19. Nxd8+ Raxd8 20. Qf3+ Bf5
21. Bxh6 gxh6 22. Qxf5+ Kg7 23. Rg4#
1-0

[Event "Expo Zaragoza 2008"]
[Site "SchemingMind.com"]
[Date "2008.07.24"]
[Round "-"]
[White "nowhere"]
[Black "Ivancic"]
[Result "0-1"]
[WhiteCountry "USA"]
[BlackCountry "AUS"]
[WhiteElo "1454"]
[WhiteRD "149"]
[BlackElo "1750"]
[BlackRD "132"]
[GameID "164636"]

1. e4 e5 2. Nf3 Nc6 3. Bc4 Nf6 4. d3 Bc5 5. Nc3 a6 6. a4 d6 7. O-O Bg4 8. Re1 Nd4 9. Rf1 Qd7 10. Qd2 Bxf3
11. Qe3 Ne2+ 12. Kh1 Bxe3
0-1

[Event "Expo Zaragoza 2008"]
[Site "SchemingMind.com"]
[Date "2008.07.24"]
[Round "-"]
[White "nowhere"]
[Black "Carl Lenox"]
[Result "1-0"]
[WhiteCountry "USA"]
[BlackCountry "CAN"]
[WhiteElo "1399"]
[WhiteRD "117"]
[BlackElo "1235"]
[BlackRD "56"]
[GameID "164637"]

1. e4 e5 2. Nf3 Nc6 3. Bb5 Nf6 4. Bxc6 bxc6 5. Nc3 d6 6. d4 d5 7. Nxe5 Bd6 8. Bf4 Be6 9. Nxc6 Qd7 10. Bxd6 Qxd6
11. exd5 Bxd5 12. Ne5 Bxg2 13. Rg1 Bh3 14. Rxg7 Kf8 15. Rxf7+ Ke8 16. Qf3 Rb8 17. Qxh3 Qxd4 18. Qe6+ Kd8 19. Nc6#
1-0

[Event "Expo Zaragoza 2008"]
[Site "SchemingMind.com"]
[Date "2008.07.25"]
[Round "-"]
[White "nowhere"]
[Black "PlayerElite"]
[Result "0-1"]
[WhiteCountry "USA"]
[BlackCountry "RUS"]
[WhiteElo "1399"]
[WhiteRD "117"]
[BlackElo "1868"]
[BlackRD "143"]
[GameID "164639"]

1. e4 c5 2. Nf3 Nc6 3. d4 cxd4 4. Nxd4 Nf6 5. Nc3 e6 6. Bc4 Bb4 7. f3 Qa5 8. Qd3 Ne5 9. Nb5 Nxd3+ 10. cxd3 a6
11. Nd6+ Bxd6 12. O-O b5 13. Bb3 b4 14. Na4 Bb7 15. a3 bxa3 16. bxa3 Bc6 17. Nb2 Qb6+
0-1

[Event "Expo Zaragoza 2008"]
[Site "SchemingMind.com"]
[Date "2008.07.23"]
[Round "-"]
[White "lame wolf"]
[Black "nowhere"]
[Result "0-1"]
[WhiteCountry "INT"]
[BlackCountry "USA"]
[WhiteElo "1074"]
[WhiteRD "50"]
[BlackElo "1454"]
[BlackRD "149"]
[GameID "164640"]

1. Nf3 d5 2. d4 Nc6 3. Qd3 a6 4. c4 dxc4 5. Qxc4 Be6 6. Qc3 Bf5 7. g3 Bxb1 8. Rxb1 e6 9. e3 Bb4 10. Bd2 Bxc3
11. bxc3 Nf6 12. Bd3 O-O 13. e4 b5 14. e5 Nd5 15. Be4 f5 16. Bxd5 Qxd5 17. Ke2 Qxa2 18. h3 f4 19. gxf4 Rxf4 20. Ke3 Rf7
21. Ng5 Re7 22. Ra1 Qc4 23. Nf3 Qd5 24. h4 Rf7 25. Rh3 Rb8 26. Ng5 Qg2 27. Be1 h6 28. Nxf7 Qxh3+ 29. Ke2 Kxf7
0-1

[Event "Expo Zaragoza 2008"]
[Site "SchemingMind.com"]
[Date "2008.07.23"]
[Round "-"]
[White "Ivancic"]
[Black "nowhere"]
[Result "1-0"]
[WhiteCountry "AUS"]
[BlackCountry "USA"]
[WhiteElo "1750"]
[WhiteRD "132"]
[BlackElo "1454"]
[BlackRD "149"]
[GameID "164641"]

1. e4 e5 2. Nf3 Nc6 3. Bb5 Nf6 4. O-O a6 5. Bxc6 dxc6 6. Nxe5 Qd4 7. Nf3 Nxe4 8. Nxd4 c5 9. Re1 f5 10. Nf3 Bd6
11. d3 O-O 12. dxe4 fxe4 13. Rxe4 Bf5 14. Qd5+
1-0

[Event "Expo Zaragoza 2008"]
[Site "SchemingMind.com"]
[Date "2008.07.24"]
[Round "-"]
[White "Carl Lenox"]
[Black "nowhere"]
[Result "0-1"]
[WhiteCountry "CAN"]
[BlackCountry "USA"]
[WhiteElo "1235"]
[WhiteRD "56"]
[BlackElo "1399"]
[BlackRD "117"]
[GameID "164642"]

1. e4 e5 2. Nf3 Nc6 3. Bc4 Nf6 4. d3 Bc5 5. Qe2 d6 6. Nc3 O-O 7. Be3 Re8 8. Ng5 Be6 9. O-O-O Nd4 10. Qd2 Bxc4
11. dxc4 h6 12. Nf3 Nxf3 13. Qe2 Bxe3+ 14. Qxe3 Ng5 15. h4 Ne6 16. h5 g5 17. f3 c5 18. Rd3 a5 19. Na4 Rb8 20. Qd2 b5
21. Nc3 bxc4 22. Rxd6 Qc7 23. Ra6 Red8 24. Qe2 Qb7 25. Rxa5 Qxb2#
0-1

[Event "Expo Zaragoza 2008"]
[Site "SchemingMind.com"]
[Date "2008.07.23"]
[Round "-"]
[White "dD3"]
[Black "nowhere"]
[Result "0-1"]
[WhiteCountry "RSA"]
[BlackCountry "USA"]
[WhiteElo "1194"]
[WhiteRD "124"]
[BlackElo "1454"]
[BlackRD "149"]
[GameID "164643"]

1. e4 e5 2. Nc3 Nf6 3. Bc4 Bb4 4. Nd5 Nxe4 5. c3 Bc5 6. d3 Nxf2 7. Qc2 Nxh1 8. Bd2 O-O 9. O-O-O Nf2 10. Re1 c6
11. Nb4 d5 12. Bb3 Re8 13. c4 a5 14. d4 axb4 15. dxc5 e4 16. cxd5 Nd3+ 17. Kb1 Nxe1 18. Bxe1 cxd5 19. Qf2 e3 20. Qf3 Ra5
21. Bxb4 Rb5
0-1

[Event "Expo Zaragoza 2008"]
[Site "SchemingMind.com"]
[Date "2008.07.25"]
[Round "-"]
[White "PlayerElite"]
[Black "nowhere"]
[Result "1-0"]
[WhiteCountry "RUS"]
[BlackCountry "USA"]
[WhiteElo "1868"]
[WhiteRD "143"]
[BlackElo "1399"]
[BlackRD "117"]
[GameID "164644"]

1. Nf3 d5 2. d4 Nf6 3. c4 e6 4. Nc3 dxc4 5. e4 Bb4 6. Qa4+ Nc6 7. Bg5 O-O 8. e5 a6 9. exf6 gxf6 10. Bh6 Re8
11. Bxc4 b5 12. Bxb5 Bxc3+ 13. bxc3 Bd7 14. Bxc6 e5 15. Bxd7
1-0

[Event "Expo Zaragoza 2008"]
[Site "SchemingMind.com"]
[Date "2008.07.24"]
[Round "-"]
[White "elrancho"]
[Black "lame wolf"]
[Result "1-0"]
[WhiteCountry "USA"]
[BlackCountry "INT"]
[WhiteElo "1606"]
[WhiteRD "148"]
[BlackElo "1062"]
[BlackRD "47"]
[GameID "164743"]

1. e4 d5 2. exd5 Qxd5 3. Nc3 Qd8 4. d4 c6 5. Nf3 b5 6. Bf4 e6 7. Bd3 Bd6 8. Qd2 Bxf4 9. Qxf4 Qf6 10. Qe4 Bb7
11. Nxb5 Ne7 12. Nc7+ Kd7 13. Nxa8 Nd5 14. Ne5+ Kd6 15. c4 Qf4 16. cxd5 Qxe4+ 17. Bxe4 Rf8 18. dxc6 Bxc6 19. Bxc6 Nxc6 20. Nxc6 Kxc6
21. Rc1+ Kb7 22. O-O Rxa8 23. Rfd1
1-0

[Event "Expo Zaragoza 2008"]
[Site "SchemingMind.com"]
[Date "2008.07.24"]
[Round "-"]
[White "elrancho"]
[Black "Ivancic"]
[Result "0-1"]
[WhiteCountry "USA"]
[BlackCountry "AUS"]
[WhiteElo "1635"]
[WhiteRD "97"]
[BlackElo "1976"]
[BlackRD "95"]
[GameID "164744"]

1. e4 e5 2. Nf3 Nc6 3. Bb5 Nf6 4. O-O d6 5. d3 Bg4 6. h3 Bh5 7. Nc3 a6 8. Ba4 b5 9. Bb3 Nd4 10. g4 Bg6
11. Nxd4 exd4 12. Ne2 c5 13. c4 b4 14. Bg5 Be7 15. Nf4 O-O 16. Bxf6 Bxf6 17. Nd5 Bh4 18. Qd2 a5 19. Ba4 h5 20. f3 Kh7
21. Kh2 f6 22. Rg1 Bf7 23. Qg2 g5 24. Raf1 Rg8 25. f4 Ra7 26. fxg5 Bxd5 27. exd5 Rxg5 28. Qe4+ Kh8 29. gxh5 Rxh5 30. Bd1 Rh6
31. Bg4 Re7 32. Be6 Bg5 33. Rg2 Rh4 34. Rg4 Reh7 35. Rf3 Qe7 36. Rxg5 fxg5 37. Qg6 Rg7 38. Rf7 Rxf7 39. Bxf7 Qe2+ 40. Kg1 Qe3+
41. Kg2 Qxh3+ 42. Kf2 Rf4+
0-1

[Event "Expo Zaragoza 2008"]
[Site "SchemingMind.com"]
[Date "2008.07.24"]
[Round "-"]
[White "elrancho"]
[Black "Carl Lenox"]
[Result "1-0"]
[WhiteCountry "USA"]
[BlackCountry "CAN"]
[WhiteElo "1606"]
[WhiteRD "148"]
[BlackElo "1235"]
[BlackRD "56"]
[GameID "164745"]

1. e4 Nf6 2. e5 Nd5 3. d4 e6 4. Nf3 Nc6 5. Nc3 g6 6. Bc4 Nde7 7. O-O b6 8. Bg5 h6 9. Bh4 Rg8 10. Rb1 g5
11. Bg3 Bb7 12. Re1 d5 13. exd6 cxd6 14. d5 Rg6 15. dxc6 Bxc6 16. Bxd6 Bd7 17. Nb5 a6 18. Nc7+ Qxc7 19. Bxc7 Nc8 20. Ne5
1-0

[Event "Expo Zaragoza 2008"]
[Site "SchemingMind.com"]
[Date "2008.07.25"]
[Round "-"]
[White "elrancho"]
[Black "PlayerElite"]
[Result "1-0"]
[WhiteCountry "USA"]
[BlackCountry "RUS"]
[WhiteElo "1635"]
[WhiteRD "97"]
[BlackElo "1576"]
[BlackRD "111"]
[GameID "164747"]

1. e4 c5 2. Nf3 Nc6 3. d4 cxd4 4. Nxd4 Nf6 5. Nc3 e6 6. Nxc6 dxc6 7. Qxd8+ Kxd8 8. Bc4 Bb4 9. Bd2 Ke7 10. O-O e5
11. Rfe1 Be6 12. Bxe6 Kxe6 13. Rad1 Rhd8 14. Nb1 Bxd2 15. Nxd2 a5 16. a4 Rd7 17. b3
1-0

[Event "Expo Zaragoza 2008"]
[Site "SchemingMind.com"]
[Date "2008.07.24"]
[Round "-"]
[White "elrancho"]
[Black "nowhere"]
[Result "1-0"]
[WhiteCountry "USA"]
[BlackCountry "USA"]
[WhiteElo "1635"]
[WhiteRD "97"]
[BlackElo "1382"]
[BlackRD "117"]
[GameID "164748"]

1. e4 e5 2. Nf3 Nc6 3. Bb5 Nf6 4. O-O a6 5. Ba4 Nxe4 6. d4 b5 7. Bb3 d5 8. Nxe5 Nxe5 9. dxe5 c6 10. Bf4 g5
11. Be3 f6 12. exf6 Qxf6 13. Qe2 d4 14. Bxg5 Qxg5 15. Qxe4+ Be7 16. Qxc6+ Kf8 17. Qxa8 Kg7 18. Qe4 Bf6 19. Re1 Bf5 20. Qb7+ Kh6
21. Qxa6 Re8 22. Kf1 Rxe1+ 23. Kxe1 d3 24. cxd3 Bxd3 25. Nc3 Qe5+ 26. Kd1 Qd4 27. Bc2 Bc4+ 28. Kc1 b4 29. Qa5 bxc3 30. Qxc3 Bg5+
31. Kb1 Qf4 32. Qh3+ Kg7 33. Qc3+ Kf7 34. Bb3 Be6 35. Bxe6+ Kxe6 36. Qe3+
1-0

[Event "Expo Zaragoza 2008"]
[Site "SchemingMind.com"]
[Date "2008.07.25"]
[Round "-"]
[White "lame wolf"]
[Black "elrancho"]
[Result "0-1"]
[WhiteCountry "INT"]
[BlackCountry "USA"]
[WhiteElo "1062"]
[WhiteRD "47"]
[BlackElo "1606"]
[BlackRD "148"]
[GameID "164749"]

1. b4 e5 2. a3 d5 3. d4 exd4 4. Qxd4 Nc6 5. Qd1 Nf6 6. Bb2 Bd6 7. Bxf6 Qxf6 8. c3 O-O 9. Qc1 Bf5 10. b5 Na5
11. Qb2 Nc4 12. Nd2 Nxb2 13. e3 Qxc3 14. Ne2 Nd3+ 15. Kd1 Qxa1+
0-1

[Event "Expo Zaragoza 2008"]
[Site "SchemingMind.com"]
[Date "2008.07.25"]
[Round "-"]
[White "Ivancic"]
[Black "elrancho"]
[Result "1-0"]
[WhiteCountry "AUS"]
[BlackCountry "USA"]
[WhiteElo "1930"]
[WhiteRD "97"]
[BlackElo "1606"]
[BlackRD "148"]
[GameID "164750"]

1. e4 e5 2. Nf3 Nf6 3. Bc4 Nc6 4. O-O Bc5 5. c3 O-O 6. d4 exd4 7. cxd4 d5 8. exd5 Nxd4 9. Nxd4 Nxd5 10. Nb3 Nb6
11. Bxf7+ Kxf7 12. Qh5+ Kg8 13. Qxc5 Rf5 14. Qd4 Rd5 15. Qe4 Bf5 16. Qf3 Qd6 17. Nc3 Bd3 18. Nxd5 Bxf1 19. Nxb6 Qxb6 20. Be3 Qb5
21. Rxf1 Rf8 22. Qg3 Qc6 23. Nd4 Rd8 24. Nxc6
1-0

[Event "Expo Zaragoza 2008"]
[Site "SchemingMind.com"]
[Date "2008.07.25"]
[Round "-"]
[White "Carl Lenox"]
[Black "elrancho"]
[Result "0-1"]
[WhiteCountry "CAN"]
[BlackCountry "USA"]
[WhiteElo "1235"]
[WhiteRD "56"]
[BlackElo "1606"]
[BlackRD "148"]
[GameID "164751"]

1. e4 e5 2. Nf3 Nc6 3. Bc4 Nf6 4. d3 Bc5 5. a3 d5 6. c3 dxc4 7. dxc4 Qxd1+ 8. Kxd1 Nxe4 9. Be3 Bxe3 10. fxe3 Nf2+
11. Ke1 Nxh1 12. Kf1 Be6 13. Nbd2 O-O-O 14. Rd1 Bxc4+ 15. Kg1 Be2 16. Re1 Bxf3 17. Nxf3 e4 18. Ng5 Ne5 19. Nxf7 Nxf7
0-1

[Event "Expo Zaragoza 2008"]
[Site "SchemingMind.com"]
[Date "2008.07.28"]
[Round "-"]
[White "PlayerElite"]
[Black "elrancho"]
[Result "1-0"]
[WhiteCountry "RUS"]
[BlackCountry "USA"]
[WhiteElo "1576"]
[WhiteRD "111"]
[BlackElo "1635"]
[BlackRD "97"]
[GameID "164753"]

1. Nf3 d5 2. d4 Nc6 3. c4 Bg4 4. cxd5 Bxf3 5. exf3 Qxd5 6. Be3 e5 7. Nc3 Qa5 8. dxe5 Nxe5 9. f4 Nc6 10. Bb5 Bb4
11. Bxc6+ bxc6 12. O-O Bxc3 13. bxc3 Ne7 14. Re1 O-O 15. Qd7 Rfe8 16. Bd4 Rad8 17. Rxe7
1-0

[Event "Expo Zaragoza 2008"]
[Site "SchemingMind.com"]
[Date "2008.07.25"]
[Round "-"]
[White "nowhere"]
[Black "elrancho"]
[Result "0-1"]
[WhiteCountry "USA"]
[BlackCountry "USA"]
[WhiteElo "1399"]
[WhiteRD "117"]
[BlackElo "1606"]
[BlackRD "148"]
[GameID "164754"]

1. e4 e5 2. Nf3 d6 3. d4 exd4 4. Nxd4 Nf6 5. Nc3 c5 6. Nf3 Nc6 7. Bb5 Bd7 8. O-O a6 9. Bxc6 Bxc6 10. Re1 Be7
11. e5 dxe5 12. Qxd8+ Rxd8 13. Nxe5 Bd7 14. Bg5 O-O 15. Rad1 Bf5 16. Rxd8 Rxd8 17. h3 Rd2 18. Bxf6 Bxf6 19. Nf3 Rd8 20. a3 Bxc2
21. g4 h6 22. h4 Bxc3 23. bxc3 Rd3 24. Kg2 Rxc3 25. g5 Rxa3 26. h5 b5 27. g6 fxg6 28. hxg6 Bxg6
0-1

[Event "Expo Zaragoza 2008"]
[Site "SchemingMind.com"]
[Date "2008.07.24"]
[Round "-"]
[White "Richi"]
[Black "lame wolf"]
[Result "1-0"]
[WhiteCountry "GER"]
[BlackCountry "INT"]
[WhiteElo "1748"]
[WhiteRD "106"]
[BlackElo "1074"]
[BlackRD "50"]
[GameID "164760"]

1. Nf3 b5 2. e4 a6 3. d4 Bb7 4. Bd3 d5 5. Nc3 e6 6. exd5 exd5 7. O-O b4 8. Re1+ Be7 9. Na4 Bc6 10. Nc5 Nd7
11. Nxa6 Bb7 12. Nxb4 c6 13. a4 c5 14. dxc5 Nxc5 15. Bb5+ Kf8 16. Ne5 Nf6 17. Nec6 Bxc6 18. Nxc6
1-0